000 01022nam a2200229 a 4500
001 49242
003 BD-RjUL
005 20211209054644.0
008 160818s1955 b ||||| |||| 00| 0 eng d
035 _a(BD-RjUL)49361
040 _aBD-RjUL
_bben
_cBD-RjUL
041 _aben
082 _223
_a823
_bKIO 1955
100 1 _aকিংসলির, চার্লস
_9147979
245 1 0 _aওয়েষ্ট ওয়ার্ড হো /
_cচার্লস কিংসলির, শ্রী তপনকুমার চক্রবর্ত্তী
260 _aকলিকাতা :
_bশ্রীশান্তি রঞ্জন সেন গুপ্ত,
_c১৯৫৫.
300 _a১১৬ পৃ ;
_c২১ সেমি.
650 _aইংরেজি সাহিত্য
_9147980
_xবঙ্গানুবাদ
650 _aEnglish LIterature
_9147981
_xTranslated into bengali
700 _aচক্রবর্ত্তী, শ্রী তপনকুমার
_9147982
942 _2ddc
_cBK
999 _c49242
_d49242